| 000 | 01078cam a22002893a 4500 | ||
|---|---|---|---|
| 001 | 14108 | ||
| 003 | PGUSA | ||
| 005 | 20140828083313.0 | ||
| 008 | 041121s2004||||xxu|||||s|||||000 | eng d | ||
| 040 |
_aPGUSA _beng |
||
| 042 | _adc | ||
| 050 | 4 | _aQH | |
| 100 | 1 |
_aBurroughs, John, _d1837-1921 |
|
| 245 | 1 | 0 |
_aIn the Catskills : _bSelections from the Writings of John Burroughs _h[electronic resource] / _cJohn Burroughs |
| 260 |
_bProject Gutenberg, _c2004 |
||
| 505 | 0 | _aThe snow-walkers -- A white day and a red fox -- Phases of farm life -- In the hemlocks -- Birds'-nests -- The heart of the southern Catskills -- Speckled trout -- A bed of boughs. | |
| 506 | _aPublic domain in the USA. | ||
| 516 | _aElectronic text | ||
| 653 | _aNatural history -- Outdoor books | ||
| 653 | _aMountain life -- Literary collections | ||
| 653 | _aNature | ||
| 653 | _aCatskill Mountains Region (N.Y.) -- Literary collections | ||
| 700 | 1 |
_aJohnson, Clifton, _d1865-1940 |
|
| 830 | 0 |
_aProject Gutenberg _v14108 |
|
| 856 | 4 | 0 | _uhttp://www.gutenberg.org/ebooks/14108 |
| 942 | _cEB | ||
| 999 |
_c243363 _d243363 |
||